000 00434nam a2200181Ia 4500
001 15332
005 20260306170148.0
008 260306t2014||||xx |||||||||||||| ||und||
041 _aESP
082 _a532
_bG41I 2014
100 _aGiles, Ranald V.
_eAUT
245 0 _aFluid mechanics and hydraulics
260 _c2014
300 _axiii, 362 páginas :
_c27 cm.
650 _aGEN
654 _aCCN
942 _cLIB
_dJUS
_fJUS
_2ddc
_n
999 _c15332
_d15332